Statistics for Countries With the Most Urban Areas Over 1 Million Residents

Click here to take the quiz!

General Stats

  • This quiz has been taken 542 times
  • The average score is 19 of 21

Answer Stats

Number of Urban Areas With 1 Million + ResidentsCountry% Correct
104China
100%
57India
99%
44United States
99%
18Brazil
97%
13Russia
97%
14Indonesia
96%
13Mexico
95%
8Japan
94%
9Pakistan
94%
7Germany
93%
11Nigeria
91%
5South Africa
91%
7Iran
90%
6Canada
89%
7Turkey
89%
5Australia
87%
5South Korea
86%
6Colombia
83%
5Saudi Arabia
76%
5Iraq
66%
5Congo (Dem. Rep.)
57%

Score Distribution

Percentile by Number Answered

Percent of People with Each Score

Your Score History

You have not taken this quiz